000
00337pab a2200145 454500
008
180718b1997 xxu||||| |||| 00| 0 eng d
100
_a
Kieser, Alfred
245
_a
Rhetoric and myth in management fashion
260
_c
1997
300
_a
p.49-74
362
_a
Feb
650
_a
Management
773
_a
Organization
909
_a
35237
999
_c
35237
_d
35237